000 01003nam a2200265 a 4500
003 CO-ViMGA
005 20230915225030.0
008 110530s2009 sp a jr 00010 spa d
020 _a9788426137159
020 _z9788437159
040 _aCO-ViMGA
_bspa
_cCO-ViMGA
041 1 _hger
082 0 4 _aI591.77
_bL15d
_219
100 1 _aLange, Monika,
_d1968-
_91297
245 1 0 _aDonde viven las focas :
_blos animales marinos /
_cMonika Lange ; ilustraciones Udo Kruse-Schulz ; traducción de María Antonia Torras.
260 _aBarcelona :
_bEditorial Juventud,
_c2009.
300 _a[26] p. :
_bil. ;
_c21 x 22 cm.
534 _pTítulo original :
_tWo die robben leben.
650 1 4 _aAnimales acuáticos
_x Hábitos y conducta
_v Cuentos infantiles.
_91299
650 1 4 _aFocas
_x Hábitos y conducta
_v Cuentos infantiles.
_91298
650 1 4 _aLibros ilustrados para niños.
_987
700 1 _aKruse-Schulz, Udo,
_eil.
_91300
700 1 _aTorras, Maria Antònia,
_etr.
_91301
942 _2ddc
_cBK
999 _c3594
_d3594